000 00587nam a22002297a 4500
003 UA-OsUOA
001 97874
007 ta
008 20130408b un ||||| |||| 00| 0 ukr d
100 _aПашек М.
090 _a821.161.3
_bП22
942 _cBK
040 _aUA-OsUOA
_bukr
_cUA-OsUOA
_dUA-OsUOA
245 _aКарнавал у Марокко
_bроман
300 _a328 с.
955 _a3
041 _aukr
080 _a821.161.3
260 _aК.
_bМолодь
650 7 _a82 Література. Літературознавство
_2UDC
999 _c384118
_d384118